00409nam a22001337a 450000500170000000800410001702000180005805000220007610000170009824500980011526000390021330000130025250000100026520250506124156.0250506b |||||||| |||| 00| 0 eng d a9780752813745 aHD 30.5 .B BEAb1 aBEATTY ,Jack aThe world according to Drucker:bThe life and work of the world's greatest management thinker aLondonbOrion business booksc1998 axii,204p anotes